[Event "Calgary op 15th"]
[Site "Calgary"]
[Date "2024.12.29"]
[Round "7"]
[White "Alpuri, Aaqil"]
[Black "Darvekar, Yash"]
[Result "1/2-1/2"]
[WhiteElo "1962"]
[BlackElo "1876"]
[PlyCount "64"]
[EventDate "2024.12.26"]
[EventType "swiss"]
[EventRounds "9"]
[EventCountry "CAN"]
[SourceTitle "CB02_2025"]
[SourceDate "2025.01.08"]
[SourceVersion "1"]
[SourceVersionDate "2025.01.08"]
[SourceQuality "1"]

1. e4 c5 2. Nf3 d6 3. d4 cxd4 4. Nxd4 Nf6 5. f3 e5 6. Nb3 d5 7. Bg5 d4 8. c3 Nc6 9. Bb5 h6 10. Bh4 Qb6 11. Bxc6+ bxc6 12. cxd4 Ba6 13. Bg3 Bd6 14. Nc3 Rd8 15. Kf2 exd4 16. Na4 Qb4 17. Bxd6 Nxe4+ 18. fxe4 Rxd6 19. e5 Rd5 20. Nac5 Rxc5 21. Nxc5 Qxc5 22. Rc1 Qb6 23. Qb3 Bb5 24. Rhe1 d3+ 25. Re3 Qd4 26. Qc3 Qh4+ 27. Kg1 0-0 28. Rd1 Qa4 29. Rexd3 Bxd3 30. Rxd3 Qxa2 31. h3 c5 32. Rg3 Qe6 1/2-1/2

[Event "Banff op"]
[Site "Banff"]
[Date "2023.11.12"]
[Round "5"]
[White "Harms, Reece"]
[Black "Alpuri, Aaqil"]
[Result "1/2-1/2"]
[WhiteElo "1641"]
[BlackElo "1604"]
[PlyCount "64"]
[EventDate "2023.11.10"]
[EventType "swiss"]
[EventRounds "6"]
[EventCountry "CAN"]
[SourceTitle "CBM 217 Extra"]
[Source "ChessBase"]
[SourceDate "2024.01.31"]
[SourceVersion "1"]
[SourceVersionDate "2024.01.31"]
[SourceQuality "1"]

1. e4 c5 2. Nc3 a6 3. d3 Nc6 4. f4 d6 5. Nf3 g6 6. g3 Bg7 7. Bg2 e6 8. 0-0 Nge7 9. a4 0-0 10. Bd2 Nd4 11. Rb1 Bd7 12. b4 Qc7 13. bxc5 Qxc5 14. Kh1 Nxf3 15. Rxf3 Bxc3 16. Rxb7 Rfd8 17. d4 Bxd4 18. Bb4 Qc8 19. Rxd7 Qxd7 20. Qxd4 Nc6 21. Qd2 Nxb4 22. Qxb4 Rab8 23. Qa5 Qc6 24. Rf1 Rb6 25. f5 e5 26. Qd2 Rdb8 27. Qh6 Rb1 28. f6 Rxf1+ 29. Bxf1 Qxe4+ 30. Kg1 Qd4+ 31. Kh1 Qe4+ 32. Kg1 Qd4+ 1/2-1/2

[Event "Canadian op"]
[Site "Calgary"]
[Date "2023.07.29"]
[Round "9"]
[White "Alpuri, Aaqil"]
[Black "Miller, Brian"]
[Result "1/2-1/2"]
[WhiteElo "1552"]
[BlackElo "1667"]
[PlyCount "31"]
[EventDate "2023.07.22"]
[EventType "swiss"]
[EventRounds "10"]
[EventCountry "CAN"]
[SourceTitle "EXT 2024"]
[Source "ChessBase"]
[SourceDate "2023.10.10"]
[SourceVersion "1"]
[SourceVersionDate "2023.10.10"]
[SourceQuality "1"]

1. d4 c5 2. d5 e5 3. c4 d6 4. Nc3 Be7 5. h3 Bg5 6. Nf3 Bxc1 7. Rxc1 a6 8. e4 Nd7 9. Bd3 Ngf6 10. 0-0 0-0 11. Nd2 g6 12. Ne2 Nh5 13. a3 Qg5 14. Rc3 Nf4 15. Nxf4 exf4 16. Nf3 1/2-1/2

[Event "Canadian op"]
[Site "Calgary"]
[Date "2023.07.23"]
[Round "2"]
[White "Alpuri, Aaqil"]
[Black "Campbell, Ryan"]
[Result "0-1"]
[WhiteElo "1552"]
[BlackElo "2064"]
[PlyCount "68"]
[EventDate "2023.07.22"]
[EventType "swiss"]
[EventRounds "10"]
[EventCountry "CAN"]
[SourceTitle "EXT 2024"]
[Source "ChessBase"]
[SourceDate "2023.10.10"]
[SourceVersion "1"]
[SourceVersionDate "2023.10.10"]
[SourceQuality "1"]

1. d4 d5 2. c4 e6 3. Nf3 Nf6 4. g3 Bb4+ 5. Bd2 Be7 6. Bg2 0-0 7. 0-0 Nbd7 8. Bg5 c6 9. Nbd2 b6 10. Re1 h6 11. Bxf6 Nxf6 12. e4 dxc4 13. Nxc4 Bb7 14. Qc2 Rc8 15. Rad1 Qc7 16. b3 c5 17. Rc1 Rfd8 18. dxc5 Bxc5 19. Qb1 b5 20. Ncd2 Qb6 21. Re2 a5 22. h3 Rc7 23. Ne5 Bxf2+ 24. Kh2 Nh5 25. Nf1 Bxg3+ 26. Nxg3 Nxg3 27. Kxg3 Qd6 28. Rxc7 Qxe5+ 29. Kf2 Qxc7 30. Bf3 Qh2+ 31. Bg2 Qf4+ 32. Kg1 b4 33. Qe1 Rc8 34. Rd2 Rc3 0-1